[Event "Hastings Masters 2011-12"]
[Site "Hastings ENG"]
[Date "2011.12.30"]
[Round "3.50"]
[White "Grant, Alan G"]
[Black "Taylor, Adam C"]
[Result "1-0"]
[WhiteElo "2186"]
[BlackElo "1772"]
[PlyCount "87"]
[EventDate "2011.12.28"]

1. Nf3 g6 2. c4 Bg7 3. Nc3 c5 4. g3 Nc6 5. Bg2 Rb8 6. O-O d6 7. a3 a6 8. Rb1 b5
9. cxb5 axb5 10. b4 cxb4 11. axb4 Bd7 12. d4 Qc8 13. Qd3 Nf6 14. Bf4 Nh5 15.
Bd2 O-O 16. Rbc1 Qb7 17. h3 f5 18. Qc2 Rbc8 19. e3 e5 20. dxe5 dxe5 21. Ng5 Bf6
22. Qb3+ Kg7 23. Ne6+ Bxe6 24. Qxe6 Rfe8 25. Bxc6 Qxc6 26. Qxc6 Rxc6 27. Nxb5
Rb6 28. Nc7 Reb8 29. Nd5 Rd6 30. Nxf6 Kxf6 31. Rc2 Ke6 32. b5 Nf6 33. Ba5 Rb7
34. Bc7 Rd5 35. b6 Rb5 36. Rd1 Nd5 37. Rc6+ Ke7 38. Rd6 Nf6 39. Bd8+ Ke8 40.
Re6+ Kf8 41. Rxf6+ Kg7 42. Rc6 Kf8 43. Bc7 e4 44. Rd7 1-0

[Event "Hastings Masters 2011-12"]
[Site "Hastings ENG"]
[Date "2011.12.30"]
[Round "3.54"]
[White "Briscoe, Chris"]
[Black "Macrae, James S"]
[Result "1-0"]
[WhiteElo "2220"]
[BlackElo "1740"]
[PlyCount "85"]
[EventDate "2011.12.28"]

1. c4 e6 2. Nf3 d5 3. g3 Nf6 4. Bg2 c6 5. b3 Bd6 6. Bb2 Nbd7 7. O-O O-O 8. d4
Ne4 9. Ne5 f5 10. f3 Nxe5 11. fxe4 Ng4 12. e5 Ne3 13. Qd3 Nxf1 14. exd6 Nxg3
15. hxg3 Qxd6 16. Ba3 Qd8 17. Bxf8 Qxf8 18. Nd2 Bd7 19. Nf3 Qf6 20. Ne5 Be8 21.
Rf1 Qg5 22. Kf2 Bh5 23. Qe3 f4 24. gxf4 Rf8 25. Kg1 Qe7 26. Bf3 Rf5 27. Rf2 Qh4
28. Bg2 Qe7 29. Qc3 Be8 30. Kf1 Qa3 31. cxd5 exd5 32. e3 Kh8 33. Bf3 Rf6 34.
Rh2 Kg8 35. Kg1 Kh8 36. Qc2 Kg8 37. Qxh7+ Kf8 38. Qh8+ Ke7 39. Qxg7+ Bf7 40.
Rh8 Qc1+ 41. Kf2 Qc2+ 42. Be2 Qf5 43. Qf8+ 1-0

[Event "Hastings Masters 2011-12"]
[Site "Hastings ENG"]
[Date "2011.12.30"]
[Round "3.56"]
[White "Spanton, Tim R"]
[Black "Rajesh, Gorak"]
[Result "0-1"]
[WhiteElo "1978"]
[BlackElo "1401"]
[PlyCount "120"]
[EventDate "2011.12.28"]

1. e4 c5 2. Nf3 d6 3. c3 Nf6 4. Be2 Nc6 5. d4 cxd4 6. cxd4 e6 7. Nc3 Be7 8. O-O
O-O 9. h3 a6 10. Be3 b5 11. a3 Bb7 12. e5 Nd5 13. Qd2 Na5 14. Nxd5 Bxd5 15.
Rad1 Bb3 16. Rc1 d5 17. Ne1 Bc4 18. Bxc4 bxc4 19. Qe2 Qb6 20. f4 g6 21. g4 Rab8
22. Rc2 Nb3 23. Nf3 Rfd8 24. Qf2 Rd7 25. Kh1 Kh8 26. h4 Bf8 27. h5 Na5 28. Qh4
h6 29. Rh2 Qb3 30. Bc1 Qd3 31. Kg1 Be7 32. Qh3 g5 33. fxg5 Bxg5 34. Bxg5 hxg5
35. Rd2 Qe3+ 36. Kh1 Rdb7 37. Re1 Qf4 38. Qg2 Rb3 39. Rf2 Rd3 40. Ref1 Rbb3 41.
Nxg5 Qxg5 42. Rxf7 Rh3+ 43. Kg1 Rbg3 44. Rf8+ Qg8 45. R1f6 Qxf8 46. Rxf8+ Kg7
47. Rf6 Rxg2+ 48. Kxg2 Rb3 49. h6+ Kh7 50. g5 Rxb2+ 51. Kg3 Rb7 52. Kg4 c3 53.
Kh5 c2 54. g6+ Kg8 55. Rxe6 Rb8 56. h7+ Kh8 57. g7+ Kxh7 58. Rh6+ Kxg7 59. Rg6+
Kf7 60. e6+ Ke7 0-1

[Event "Hastings Masters 2011-12"]
[Site "Hastings ENG"]
[Date "2011.12.31"]
[Round "4.1"]
[White "Istratescu, Andrei"]
[Black "Howell, David W L"]
[Result "1/2-1/2"]
[WhiteElo "2627"]
[BlackElo "2633"]
[PlyCount "71"]
[EventDate "2011.12.28"]

1. d4 d5 2. c4 c6 3. Nf3 Nf6 4. e3 Bg4 5. Qb3 Qb6 6. Nc3 e6 7. Ne5 Bf5 8. Be2
Nbd7 9. Nxd7 Nxd7 10. Bd2 Be7 11. Rc1 Rb8 12. O-O O-O 13. Na4 Qd8 14. cxd5 exd5
15. Bb4 Re8 16. Rfe1 Nf6 17. Bc5 Bxc5 18. Nxc5 Re7 19. Qa3 Ne8 20. b4 Nd6 21.
Qb3 Rc8 22. a4 b6 23. Na6 Ne4 24. b5 c5 25. dxc5 bxc5 26. Red1 Rd7 27. Qb2 d4
28. exd4 cxd4 29. Rxc8 Qxc8 30. Rxd4 Qc3 31. Qxc3 Nxc3 32. Rxd7 Bxd7 33. Kf1
Nxa4 34. Nb8 Be8 35. Nc6 a6 36. Nd4 1/2-1/2

[Event "Hastings Masters 2011-12"]
[Site "Hastings ENG"]
[Date "2011.12.31"]
[Round "4.3"]
[White "Godard, Maxence"]
[Black "Edouard, Romain"]
[Result "1/2-1/2"]
[WhiteElo "2333"]
[BlackElo "2621"]
[PlyCount "110"]
[EventDate "2011.12.28"]

1. d4 Nf6 2. c4 b6 3. Nc3 Bb7 4. f3 d5 5. cxd5 Nxd5 6. e4 Nxc3 7. bxc3 e6 8.
Be3 Be7 9. Bb5+ c6 10. Bd3 O-O 11. Ne2 c5 12. O-O cxd4 13. cxd4 Nc6 14. Rc1 Qd6
15. Qd2 Rfd8 16. Rfd1 Rac8 17. Rc3 Qd7 18. Qb2 Nb4 19. Bb1 Ba6 20. Rdc1 Nc6 21.
Bd3 Bxd3 22. Rxd3 Nb4 23. Rxc8 Rxc8 24. Rc3 Rd8 25. Qb3 b5 26. Rc1 a5 27. Bd2
a4 28. Qb1 Na6 29. Qc2 Rb8 30. Qc6 Qxc6 31. Rxc6 Nb4 32. Bxb4 Bxb4 33. Kf2 Be7
34. Nc3 g6 35. d5 Bf6 36. Ke3 Bxc3 37. Rxc3 exd5 38. exd5 b4 39. Rc2 Kf8 40.
Kd4 Ke7 41. Rb2 a3 42. Rb3 Kd6 43. Kc4 Rc8+ 44. Kxb4 Rc2 45. Rxa3 Rxg2 46. Kc4
Rxh2 47. Ra6+ Ke5 48. Ra7 f5 49. Re7+ Kd6 50. Re6+ Kd7 51. Ra6 g5 52. Kc5 g4
53. Ra7+ Ke8 54. fxg4 fxg4 55. Rg7 Rxa2 1/2-1/2

[Event "Hastings Masters 2011-12"]
[Site "Hastings ENG"]
[Date "2011.12.31"]
[Round "4.4"]
[White "Das, Arghyadip"]
[Black "Sengupta, Deep"]
[Result "1/2-1/2"]
[WhiteElo "2470"]
[BlackElo "2562"]
[PlyCount "40"]
[EventDate "2011.12.28"]

1. e4 e5 2. Nf3 Nc6 3. Bb5 Nf6 4. O-O Nxe4 5. Re1 Nd6 6. Nxe5 Be7 7. Bf1 Nf5 8.
Nf3 O-O 9. d4 d5 10. c3 Re8 11. g3 Bf8 12. Rxe8 Qxe8 13. Bf4 Bd6 14. Bxd6 Nxd6
15. Nbd2 f6 16. Qb3 Be6 17. Re1 Qd7 18. Qc2 Bf5 19. Bd3 Bxd3 20. Qxd3 Re8
1/2-1/2

[Event "Hastings Masters 2011-12"]
[Site "Hastings ENG"]
[Date "2011.12.31"]
[Round "4.5"]
[White "Franklin, Samuel G A"]
[Black "Williams, Simon K"]
[Result "0-1"]
[WhiteElo "2179"]
[BlackElo "2513"]
[PlyCount "78"]
[EventDate "2011.12.28"]

1. e4 c5 2. Nf3 d6 3. d4 cxd4 4. Nxd4 e6 5. Nc3 a6 6. Be3 b5 7. Qd2 Nf6 8. f3
Nbd7 9. O-O-O Bb7 10. g4 Nb6 11. Qf2 Nfd7 12. Bd3 Rc8 13. Nce2 Be7 14. Kb1 O-O
15. g5 Na4 16. h4 Ndc5 17. Bc1 b4 18. Ng3 Nxd3 19. cxd3 d5 20. e5 Qb6 21. Be3
Bc5 22. Rc1 b3 23. axb3 Bxd4 24. Bxd4 Qxb3 25. Qd2 Bc6 26. Ne2 Bb5 27. Nf4 Rb8
28. Rc7 a5 29. h5 Ba6 30. g6 Rb4 31. h6 fxg6 32. hxg7 Rxf4 33. Rxh7 Qxd3+ 34.
Ka1 Qf1+ 35. Ka2 Bc4+ 36. b3 Nc3+ 37. Bxc3 Ra4+ 38. Kb2 Qa1+ 39. Kc2 Ra2+ 0-1

[Event "Hastings Masters 2011-12"]
[Site "Hastings ENG"]
[Date "2011.12.31"]
[Round "4.6"]
[White "Vovk, Yuri"]
[Black "Furman, Boris"]
[Result "1-0"]
[WhiteElo "2571"]
[BlackElo "2280"]
[PlyCount "62"]
[EventDate "2011.12.28"]

1. e4 c5 2. Nf3 Nc6 3. d4 cxd4 4. Nxd4 Nf6 5. Nc3 d6 6. Bg5 e6 7. Qd2 Be7 8.
O-O-O O-O 9. f4 h6 10. Bh4 e5 11. Nf5 Bxf5 12. exf5 Qa5 13. Bc4 Qb4 14. Bb3 Nd4
15. Kb1 Nxb3 16. axb3 Rad8 17. g4 Qxf4 18. Qg2 Rfe8 19. Bxf6 gxf6 20. Nd5 Qg5
21. h4 Qg7 22. Qe4 Kh8 23. Rdg1 Rc8 24. g5 Qh7 25. Nxe7 Rxe7 26. gxf6 d5 27.
Qf3 e4 28. Qf4 Ree8 29. Rg7 Rc6 30. Rxh7+ Kxh7 31. Rg1 Ra8 1-0

[Event "Hastings Masters 2011-12"]
[Site "Hastings ENG"]
[Date "2011.12.31"]
[Round "4.7"]
[White "Talsma, Paul"]
[Black "Pert, Nicholas"]
[Result "0-1"]
[WhiteElo "2246"]
[BlackElo "2563"]
[PlyCount "78"]
[EventDate "2011.12.28"]

1. d4 d5 2. c4 c6 3. Nf3 Nf6 4. Nc3 dxc4 5. a4 Bf5 6. Nh4 Bg4 7. h3 Bh5 8. g4
Bg6 9. Nxg6 hxg6 10. e3 e6 11. Bxc4 Bb4 12. Bd2 Nbd7 13. Qf3 Qa5 14. Kf1 Rd8
15. Kg2 O-O 16. h4 c5 17. g5 Nh5 18. Qe4 cxd4 19. exd4 Ne5 20. Be2 Nc6 21. Be3
Bxc3 22. bxc3 Qxc3 23. Rhc1 Qa5 24. Rc5 Qc7 25. Bb5 Rd5 26. Rac1 Rc8 27. Rxc6
bxc6 28. Bxc6 Rf5 29. Bb7 Qxc1 30. Bxc1 Rxc1 31. Qe3 Nf4+ 32. Kh2 Rf1 33. d5
Nxd5 34. Bxd5 exd5 35. Qxa7 R1xf2+ 36. Kg3 R2f3+ 37. Kg2 Kh7 38. a5 Ra3 39. a6
Rff3 0-1

[Event "Hastings Masters 2011-12"]
[Site "Hastings ENG"]
[Date "2011.12.31"]
[Round "4.8"]
[White "Hebden, Mark L"]
[Black "Eames, Robert S"]
[Result "1-0"]
[WhiteElo "2515"]
[BlackElo "2241"]
[PlyCount "99"]
[EventDate "2011.12.28"]

1. d4 Nf6 2. Nf3 c5 3. d5 b5 4. Bg5 Ne4 5. Bf4 Bb7 6. a4 b4 7. Qd3 Nf6 8. e4 e6
9. c4 exd5 10. exd5 d6 11. Nbd2 Be7 12. Qc2 O-O 13. Bd3 g6 14. h3 b3 15. Nxb3
Na6 16. Bd2 Rb8 17. Nc1 Bc8 18. Na2 Bd7 19. O-O Nh5 20. Rab1 Bf6 21. b4 cxb4
22. Nxb4 Nc5 23. Nc6 Bxc6 24. dxc6 Rxb1 25. Rxb1 Qe8 26. c7 Qc6 27. Ng5 Qxc7
28. Ne4 Bd4 29. Nc3 Qe7 30. Nb5 Be5 31. Be3 Rb8 32. Rd1 a6 33. Nd4 Qf6 34. Bf1
Nf4 35. Qc1 Rc8 36. a5 Nfe6 37. Nxe6 Nxe6 38. Qd2 h5 39. Rb1 Nc5 40. Rb6 Bc3
41. Qd5 Be5 42. g3 g5 43. Qd2 g4 44. hxg4 hxg4 45. Qd1 Qg6 46. Bg2 Nd3 47. Bd5
Rc7 48. Qb1 Kg7 49. Rxa6 Re7 50. Ra7 1-0

[Event "Hastings Masters 2011-12"]
[Site "Hastings ENG"]
[Date "2011.12.31"]
[Round "4.9"]
[White "Holzke, Frank"]
[Black "Ledger, Dave J"]
[Result "1-0"]
[WhiteElo "2506"]
[BlackElo "2228"]
[PlyCount "67"]
[EventDate "2011.12.28"]

1. d4 Nf6 2. Nf3 g6 3. c4 Bg7 4. Nc3 O-O 5. e4 d6 6. Be2 e5 7. Be3 Ng4 8. Bg5
f6 9. Bh4 g5 10. Bg3 Nh6 11. c5 Be6 12. cxd6 cxd6 13. dxe5 dxe5 14. Qa4 Nc6 15.
Bc4 Bxc4 16. Qxc4+ Nf7 17. O-O Kh8 18. Rfd1 Qc8 19. h3 h5 20. Rac1 g4 21. Nh4
Kh7 22. hxg4 Bh6 23. Rb1 hxg4 24. Nf5 Bg5 25. Nb5 Kg6 26. Qe2 Nh6 27. Nbd6 Qe6
28. Nxh6 Bxh6 29. Nf5 Bg5 30. Qxg4 Nd4 31. f4 exf4 32. Rxd4 fxg3 33. Nh4+ Kf7
34. Rd7+ 1-0

[Event "Hastings Masters 2011-12"]
[Site "Hastings ENG"]
[Date "2011.12.31"]
[Round "4.10"]
[White "Anderson, John"]
[Black "Lalith, Babu M.R"]
[Result "0-1"]
[WhiteElo "2202"]
[BlackElo "2484"]
[PlyCount "114"]
[EventDate "2011.12.28"]

1. e4 c6 2. d4 d5 3. exd5 cxd5 4. c4 Nf6 5. Nc3 g6 6. cxd5 Nxd5 7. Bc4 Nb6 8.
Bb3 Bg7 9. Be3 Nc6 10. Nf3 O-O 11. d5 Na5 12. Bd4 Nxb3 13. axb3 f6 14. Bc5 Qc7
15. b4 Bg4 16. O-O Nc8 17. Qb3 Kh8 18. Nd4 b6 19. Ndb5 Qd7 20. Be3 Nd6 21. Nd4
Rfc8 22. f3 Nc4 23. Bc1 Bf5 24. Nxf5 Qxf5 25. Re1 Bf8 26. Re4 Nd6 27. Re6 Qd3
28. Bf4 Qc4 29. Qxc4 Rxc4 30. Bxd6 exd6 31. b5 f5 32. Kf2 Rb4 33. Ra2 Rc8 34.
g3 Kg8 35. h3 Rc7 36. g4 Be7 37. Kg3 Kg7 38. h4 Bf6 39. g5 Be5+ 40. Rxe5 dxe5
41. d6 Rf7 42. Nd5 Rd4 43. Nf6 Kf8 44. d7 Rxf6 45. gxf6 Rxd7 46. Ra1 Kf7 47.
Rc1 Kxf6 48. Rc6+ Kf7 49. b4 h5 50. Kf2 Rd4 51. Rc7+ Kf6 52. Rc6+ Kg7 53. Rc7+
Kh6 54. Rxa7 Rxh4 55. Rb7 Rxb4 56. Rxb6 Kg5 57. Rb8 Kf4 0-1

[Event "Hastings Masters 2011-12"]
[Site "Hastings ENG"]
[Date "2011.12.31"]
[Round "4.11"]
[White "Rolvag, Mikael"]
[Black "Shyam, Sundar M"]
[Result "0-1"]
[WhiteElo "2201"]
[BlackElo "2462"]
[PlyCount "82"]
[EventDate "2011.12.28"]

1. c4 g6 2. g3 Nf6 3. Bg2 d5 4. cxd5 Nxd5 5. Nc3 Nxc3 6. bxc3 Bg7 7. Rb1 c6 8.
Qa4 O-O 9. h4 h5 10. Nf3 Nd7 11. O-O Nb6 12. Qa3 e5 13. d3 Bg4 14. Re1 Qc7 15.
Ng5 f6 16. Qb3+ Kh8 17. Ne4 Rfd8 18. c4 Bc8 19. Nc5 f5 20. Bg5 Re8 21. Na4 Nxa4
22. Qxa4 Be6 23. Qb4 b6 24. a4 c5 25. Qa3 Rab8 26. Rec1 f4 27. Be4 Bf5 28. Rc2
Rf8 29. a5 Bf6 30. axb6 axb6 31. gxf4 Bxg5 32. fxg5 Bxe4 33. dxe4 Rf4 34. Qh3
Rxe4 35. Rd1 Rg4+ 36. Kf1 Qf7 37. Rd6 Rf4 38. Qe3 Re8 39. Rxb6 Rxh4 40. Rf6 Qb7
41. Rf3 Qb1+ 0-1

[Event "Hastings Masters 2011-12"]
[Site "Hastings ENG"]
[Date "2011.12.31"]
[Round "4.13"]
[White "Snape, Ian L"]
[Black "Simacek, Pavel"]
[Result "1/2-1/2"]
[WhiteElo "2231"]
[BlackElo "2448"]
[PlyCount "52"]
[EventDate "2011.12.28"]

1. e4 d5 2. exd5 Nf6 3. Nf3 Nxd5 4. d4 Bg4 5. Be2 e6 6. O-O Nc6 7. Re1 Be7 8.
c4 Nb6 9. Nc3 Bxf3 10. Bxf3 Nxd4 11. Bxb7 Rb8 12. Be4 f5 13. Be3 c5 14. Bxd4
cxd4 15. Bc6+ Kf7 16. Nb5 Bf6 17. Qe2 Qe7 18. c5 Nc8 19. Qc4 Rd8 20. Rad1 d3
21. Rxd3 Rxd3 22. Qxd3 Qxc5 23. Bd7 Rb6 24. Bxc8 Qxc8 25. Nd6+ Rxd6 26. Qxd6
Bxb2 1/2-1/2

[Event "Hastings Masters 2011-12"]
[Site "Hastings ENG"]
[Date "2011.12.31"]
[Round "4.14"]
[White "Arkell, Keith C"]
[Black "Bremner, Adam"]
[Result "1-0"]
[WhiteElo "2418"]
[BlackElo "2195"]
[PlyCount "87"]
[EventDate "2011.12.28"]

1. d4 Nf6 2. Nf3 g6 3. b4 d5 4. e3 Bg7 5. Nbd2 O-O 6. c4 a5 7. b5 Ne4 8. cxd5
Nxd2 9. Qxd2 Qxd5 10. Ba3 Re8 11. Rc1 Bg4 12. Be2 c6 13. bxc6 Nxc6 14. h3 Bxf3
15. Bxf3 Qb5 16. Rc5 Qb1+ 17. Qc1 Qxc1+ 18. Rxc1 Nb4 19. Bxb7 Nd3+ 20. Kd2 Nxc1
21. Bxa8 Nxa2 22. Bc6 Rc8 23. Rb1 Nb4 24. Be4 Rb8 25. Rc1 f5 26. Bf3 e5 27.
dxe5 Rd8+ 28. Ke2 Bxe5 29. Rc5 Bf6 30. g4 f4 31. Rxa5 Nc2 32. Bc5 Bc3 33. Ra8
Rxa8 34. Bxa8 fxe3 35. fxe3 Nb4 36. Bb7 Kf7 37. Bd4 Bxd4 38. exd4 h5 39. g5 Ke6
40. Be4 Kf7 41. Ke3 Na6 42. Kf4 Nc7 43. Ke5 h4 44. d5 1-0

[Event "Hastings Masters 2011-12"]
[Site "Hastings ENG"]
[Date "2011.12.31"]
[Round "4.16"]
[White "Anwesh, Upadhyaya"]
[Black "Olsarova, Karolina"]
[Result "0-1"]
[WhiteElo "2413"]
[BlackElo "2167"]
[PlyCount "86"]
[EventDate "2011.12.28"]

1. c4 Nf6 2. g3 e6 3. Nf3 d5 4. Bg2 c6 5. O-O Bd6 6. d4 Nbd7 7. Nc3 O-O 8. Nd2
Bc7 9. e4 dxe4 10. Ndxe4 e5 11. d5 cxd5 12. cxd5 Nxe4 13. Nxe4 h6 14. Qb3 Nf6
15. Nc3 a6 16. Be3 Rb8 17. Rac1 Bd6 18. Bb6 Qe7 19. Nd1 Nd7 20. Bc7 Nc5 21.
Bxd6 Nxb3 22. Bxe7 Nxc1 23. Ne3 Ne2+ 24. Kh1 b5 25. Re1 Nd4 26. Bxf8 Kxf8 27.
Rc1 Bd7 28. Rc7 Ke8 29. b4 Rc8 30. Rc5 Ke7 31. Nf1 Kd6 32. Nd2 f5 33. Rxc8 Bxc8
34. g4 g6 35. h4 fxg4 36. Kh2 Nc2 37. a4 Nxb4 38. axb5 axb5 39. Bf1 Ba6 40.
Ne4+ Kxd5 41. Nf6+ Kd4 42. Nxg4 h5 43. Nf6 Nd3 0-1

[Event "Hastings Masters 2011-12"]
[Site "Hastings ENG"]
[Date "2011.12.31"]
[Round "4.17"]
[White "Lock, Gavin R"]
[Black "Roy Chowdhury, Saptarshi"]
[Result "0-1"]
[WhiteElo "2157"]
[BlackElo "2411"]
[PlyCount "126"]
[EventDate "2011.12.28"]

1. d4 Nf6 2. Nf3 d6 3. c4 Nbd7 4. Nc3 e5 5. e4 Be7 6. Be2 O-O 7. O-O c6 8. Be3
Qc7 9. d5 Ne8 10. Rc1 c5 11. Ne1 g6 12. Nd3 Ng7 13. b4 b6 14. bxc5 bxc5 15. Rb1
f5 16. f3 Qd8 17. Qd2 Nb6 18. Nc1 f4 19. Bf2 g5 20. Nb3 Nd7 21. Nb5 a6 22. Na3
Nf6 23. Na5 Bd7 24. Rb7 Qe8 25. Rfb1 Bd8 26. Be1 g4 27. Qd3 Bc8 28. Rb8 Rxb8
29. Rxb8 Bc7 30. Ra8 Bxa5 31. Bxa5 Qh5 32. Bf1 gxf3 33. gxf3 Qg6+ 34. Bg2 h6
35. Nc2 Nh7 36. Ne1 Ng5 37. Kh1 Nh5 38. Qe2 Kh7 39. Nd3 Rg8 40. Ra7+ Kh8 41.
Bc3 Nf7 42. Qf1 Nf6 43. Ra8 Qg5 44. Bh3 Bxh3 45. Rxg8+ Kxg8 46. Qxh3 Kf8 47.
Ba5 Qg6 48. Qe6 Qh5 49. Ne1 Kg7 50. Kg2 Ng5 51. Qf5 Qe8 52. h4 Nf7 53. Bc7 Qa4
54. h5 Qxa2+ 55. Kg1 Ne8 56. Qg6+ Kf8 57. Bd8 Nxd8 58. Qxh6+ Ke7 59. Qg5+ Nf6
60. h6 Qe2 61. Ng2 Qxf3 62. h7 Nf7 63. Qf5 Qd1+ 0-1

[Event "Hastings Masters 2011-12"]
[Site "Hastings ENG"]
[Date "2011.12.31"]
[Round "4.18"]
[White "Padmini, Rout"]
[Black "Karthikeyan, Murali"]
[Result "1-0"]
[WhiteElo "2392"]
[BlackElo "2154"]
[PlyCount "63"]
[EventDate "2011.12.28"]

1. e4 c5 2. Nf3 e6 3. d4 cxd4 4. Nxd4 a6 5. Nc3 Qc7 6. Bd3 Nf6 7. O-O Be7 8.
Kh1 d6 9. f4 O-O 10. Qe2 Nbd7 11. Bd2 g6 12. Rae1 e5 13. Nf3 b5 14. fxe5 dxe5
15. Nd5 Nxd5 16. exd5 Bf6 17. c4 bxc4 18. Bxc4 a5 19. Bh6 Re8 20. Ng5 Bxg5 21.
d6 Qxd6 22. Bxf7+ Kh8 23. Bxg5 Ba6 24. Qd1 Qxd1 25. Rxd1 h6 26. Bxe8 Rxe8 27.
Rf7 hxg5 28. Rfxd7 e4 29. Rd8 Rxd8 30. Rxd8+ Kg7 31. Ra8 Bc4 32. Rxa5 1-0

[Event "Hastings Masters 2011-12"]
[Site "Hastings ENG"]
[Date "2011.12.31"]
[Round "4.20"]
[White "Pon, NKrithika"]
[Black "Vuilleumier, Alexandre"]
[Result "0-1"]
[WhiteElo "2091"]
[BlackElo "2356"]
[PlyCount "86"]
[EventDate "2011.12.28"]

1. e4 e5 2. Nf3 Nc6 3. Bb5 a6 4. Ba4 Nf6 5. Qe2 b5 6. Bb3 Be7 7. O-O O-O 8. c3
d6 9. d4 Bg4 10. Rd1 exd4 11. cxd4 d5 12. e5 Ne4 13. Nc3 Nxc3 14. bxc3 Qd7 15.
h3 Bf5 16. g4 Bg6 17. Nh2 f5 18. f4 Na5 19. Bc2 Qc6 20. Bd2 Nc4 21. g5 a5 22.
Be1 Qe8 23. a4 Bh5 24. Nf3 h6 25. h4 hxg5 26. hxg5 c6 27. Bb3 Bg4 28. Bg3 Qh5
29. Kf2 g6 30. Rd3 Kg7 31. Qa2 Bxf3 32. Rxf3 Rh8 33. Rb1 Na3 34. Rg1 Rab8 35.
axb5 Rxb5 36. c4 Nxc4 37. Bxc4 dxc4 38. Qxc4 Rb2+ 39. Ke3 Rhb8 40. Be1 Qh2 41.
Bf2 R8b3+ 42. Qxb3 Rxb3+ 43. Ke2 Rb2+ 0-1

[Event "Hastings Masters 2011-12"]
[Site "Hastings ENG"]
[Date "2011.12.31"]
[Round "4.23"]
[White "Luaces Rubio, Alfredo"]
[Black "Radovanovic, Jovica"]
[Result "1/2-1/2"]
[WhiteElo "2020"]
[BlackElo "2309"]
[PlyCount "73"]
[EventDate "2011.12.28"]

1. b3 c5 2. Bb2 Nc6 3. e3 Nf6 4. Nf3 g6 5. Bxf6 exf6 6. c4 Bg7 7. Nc3 O-O 8.
Be2 f5 9. Rc1 d6 10. O-O g5 11. d3 Re8 12. Nd5 Be6 13. Nc3 h6 14. d4 Ne7 15.
Qd2 Qa5 16. Rfd1 Red8 17. Nd5 Qxd2 18. Nxe7+ Kf8 19. Ng6+ fxg6 20. Rxd2 g4 21.
Ne1 Bf7 22. Rcd1 Ke7 23. Nc2 h5 24. g3 Be8 25. Bf1 Bc6 26. Bg2 Bxg2 27. Kxg2
Bf6 28. dxc5 dxc5 29. Rxd8 Rxd8 30. Rxd8 Kxd8 31. Ne1 Be7 32. Nd3 Bd6 33. Kf1
g5 34. Kg2 Kd7 35. f4 gxf4 36. exf4 Ke6 37. Kf2 1/2-1/2

[Event "Hastings Masters 2011-12"]
[Site "Hastings ENG"]
[Date "2011.12.31"]
[Round "4.24"]
[White "McKenna, Jason P"]
[Black "Vovk, Andrey"]
[Result "0-1"]
[WhiteElo "2110"]
[BlackElo "2551"]
[PlyCount "60"]
[EventDate "2011.12.28"]

1. e4 c5 2. Nf3 d6 3. d4 cxd4 4. Nxd4 Nf6 5. Nc3 a6 6. a4 e6 7. Be2 Be7 8. O-O
O-O 9. Be3 Nc6 10. f4 Qc7 11. Bf3 Nxd4 12. Bxd4 e5 13. Be3 exf4 14. Bxf4 Qb6+
15. Kh1 Be6 16. b3 Rac8 17. Nd5 Bxd5 18. exd5 Nd7 19. Bg4 f5 20. Qe2 Bf6 21.
Bxf5 Bxa1 22. Bxd7 Rcd8 23. Be6+ Kh8 24. Bxd6 Qxd6 25. Rxa1 Qc5 26. c4 Rf2 27.
Qd3 Qb6 28. Bf5 Qf6 29. Rf1 Rxf1+ 30. Qxf1 Rf8 0-1

[Event "Hastings Masters 2011-12"]
[Site "Hastings ENG"]
[Date "2011.12.31"]
[Round "4.25"]
[White "Demuth, Adrien"]
[Black "Sugden, John N"]
[Result "1-0"]
[WhiteElo "2442"]
[BlackElo "2180"]
[PlyCount "111"]
[EventDate "2011.12.28"]

1. d4 Nf6 2. c4 e6 3. Nf3 Bb4+ 4. Bd2 Bxd2+ 5. Qxd2 Ne4 6. Qc2 f5 7. g3 O-O 8.
Bg2 d6 9. O-O Qe7 10. Nc3 Nxc3 11. Qxc3 Nd7 12. Rfe1 Nf6 13. b4 c6 14. Rab1 Bd7
15. c5 d5 16. a4 a6 17. Qd2 Rfb8 18. Ne5 Be8 19. f3 Nd7 20. Nd3 Qf6 21. Qc3 Nf8
22. e4 Rd8 23. Ne5 Ng6 24. exf5 exf5 25. Nxg6 Bxg6 26. f4 Re8 27. Re5 Rxe5 28.
dxe5 Qe7 29. Re1 Bf7 30. Qd4 Be6 31. h4 Qc7 32. Rb1 Qd8 33. Bf3 Qc7 34. Kf2 Kf7
35. Kg2 Qd8 36. Kf2 Qc7 37. Ke3 g6 38. Rb2 h5 39. Rb1 Kf8 40. Qc3 Qd8 41. Kd4
Ke7 42. Be2 Qc7 43. Ra1 Qd8 44. Ra3 Qc7 45. b5 axb5 46. axb5 Rxa3 47. Qxa3 Bd7
48. Bf1 Ke6 49. Qa8 Bc8 50. Qa7 Qd7 51. Qb6 Kf7 52. Be2 Qe6 53. Bd1 cxb5 54.
Bb3 Qxb6 55. cxb6 Ke7 56. Bxd5 1-0

[Event "Hastings Masters 2011-12"]
[Site "Hastings ENG"]
[Date "2011.12.31"]
[Round "4.26"]
[White "Eggleston, David J"]
[Black "Jaunooby, Ali R"]
[Result "0-1"]
[WhiteElo "2367"]
[BlackElo "2144"]
[PlyCount "94"]
[EventDate "2011.12.28"]

1. e4 d5 2. exd5 Nf6 3. d4 Nxd5 4. Nf3 Bg4 5. Be2 e6 6. O-O Nc6 7. c4 Nb6 8.
Be3 Bxf3 9. Bxf3 Nxc4 10. Qa4 Nb6 11. Bxc6+ bxc6 12. Qxc6+ Qd7 13. Qc2 Bd6 14.
Nc3 O-O 15. Rfd1 Rab8 16. b3 Bb4 17. Ne4 Be7 18. Rac1 Nd5 19. Qc6 Rfd8 20. Rc4
Qxc6 21. Rxc6 Rb6 22. Rdc1 f5 23. Rxb6 cxb6 24. Nc3 Ba3 25. Nxd5 Bxc1 26. Ne7+
Kf8 27. Nc6 Rc8 28. Nxa7 Rc2 29. g3 Bxe3 30. fxe3 Rxa2 31. Nc8 b5 32. Nd6 b4
33. Nc4 Rc2 34. Na5 Ke7 35. h4 Kd6 36. Nb7+ Kd5 37. Nc5 Rc3 38. Kf2 e5 39. Na6
Rxb3 40. Nc7+ Ke4 41. dxe5 Rb2+ 42. Kg1 Kxe5 43. Ne8 g6 44. h5 Rc2 45. hxg6
hxg6 46. g4 b3 47. gxf5 b2 0-1

[Event "Hastings Masters 2011-12"]
[Site "Hastings ENG"]
[Date "2011.12.31"]
[Round "4.27"]
[White "Knott, Simon J B"]
[Black "De Andres Gonalons, Fernando"]
[Result "1-0"]
[WhiteElo "2332"]
[BlackElo "2091"]
[PlyCount "65"]
[EventDate "2011.12.28"]

1. Nf3 d5 2. d4 c5 3. c4 e6 4. cxd5 exd5 5. g3 Nf6 6. Bg2 Be7 7. O-O O-O 8. Nc3
Nc6 9. dxc5 Bxc5 10. Na4 Be7 11. Be3 Bg4 12. Rc1 Qd7 13. Nc5 Bxc5 14. Rxc5 Rad8
15. Nd4 h6 16. f3 Qe7 17. Rc3 Bd7 18. Nxc6 Bxc6 19. Bc5 Qe6 20. Bxf8 Rxf8 21.
e3 Re8 22. Qd4 a6 23. Rfc1 Qf5 24. a4 Qe6 25. b3 Qf5 26. Rd1 h5 27. h4 Qg6 28.
Kh2 Qf5 29. Rf1 Qe6 30. Bh3 Qe7 31. Rf2 Qa3 32. Rd2 Qe7 33. Kg2 1-0

[Event "Hastings Masters 2011-12"]
[Site "Hastings ENG"]
[Date "2011.12.31"]
[Round "4.29"]
[White "Haydon, David L"]
[Black "Kurka, Dieter"]
[Result "1-0"]
[WhiteElo "2296"]
[BlackElo "2058"]
[PlyCount "45"]
[EventDate "2011.12.28"]

1. d4 Nf6 2. c4 e6 3. Nf3 d5 4. Nc3 Be7 5. cxd5 exd5 6. Bf4 c6 7. e3 Nbd7 8. h3
O-O 9. Bd3 Re8 10. Qc2 Nf8 11. O-O-O Qa5 12. Kb1 Be6 13. Nd2 b5 14. g4 Rec8 15.
f3 b4 16. Nb3 Qd8 17. Na4 a5 18. Qe2 Ng6 19. Bg3 Bd6 20. Bxd6 Qxd6 21. Nb6 Nd7
22. Nxc8 Rxc8 23. f4 1-0

[Event "Hastings Masters 2011-12"]
[Site "Hastings ENG"]
[Date "2011.12.31"]
[Round "4.30"]
[White "Longson, Alexander"]
[Black "Saranya, J."]
[Result "1-0"]
[WhiteElo "2281"]
[BlackElo "2069"]
[PlyCount "75"]
[EventDate "2011.12.28"]

1. e4 c5 2. Nf3 d6 3. c3 Nc6 4. d4 cxd4 5. cxd4 Bg4 6. d5 Nb8 7. Qb3 Qc7 8. Nc3
a6 9. Be3 Nd7 10. Nd2 e5 11. f3 Bh5 12. Be2 Ngf6 13. O-O Be7 14. Rfc1 Rc8 15.
a4 O-O 16. a5 Bg6 17. Nc4 Qb8 18. Na4 Rc7 19. Nab6 Nxb6 20. axb6 Rcc8 21. Na5
Bd8 22. Rxc8 Qxc8 23. Bxa6 Bxb6 24. Qxb6 bxa6 25. Qxd6 Qc2 26. Qxe5 Bxe4 27.
fxe4 Re8 28. Qd4 Rxe4 29. Qd2 Qc8 30. d6 Qe6 31. Re1 h6 32. Bf2 Rxe1+ 33. Bxe1
Ne4 34. d7 Qb6+ 35. Bf2 Qd8 36. Nc6 Nxd2 37. Nxd8 Ne4 38. Nc6 1-0